Symbols Blitz Quiz Stats

Quiz Updated Jun 11, 2012

Also try: Religion By Symbol
Challenge
Share
Tweet
Embed
Score 0/32 Timer 03:00
4 Plays Today
% Correct
$
92.6%
*
89.8%
89.6%
89.6%
88%
85.5%
84.8%
83.5%
80.7%
80.6%
79.7%
77.4%
74.9%
¥
73.4%
&
72.9%
68.1%
% Correct
66.7%
~
62.8%
62.4%
62.1%
60.2%
θ
59.9%
54.5%
^
52.5%
σ
40.1%
§
39.3%
35.3%
ξ
33.3%
29.9%
25.8%
25.3%
21.8%

You're not logged in!

Compare scores with friends on all Sporcle quizzes.
Sign Up with Email
OR
Log In

You Might Also Like...

Show Comments

Extras

Top Quizzes Today


Score Distribution

Your Account Isn't Verified!

In order to create a playlist on Sporcle, you need to verify the email address you used during registration. Go to your Sporcle Settings to finish the process.